000 00726cam a2200217 a 4500
999 _c7655
_d7655
003 OSt
005 20200317123828.0
008 110725s2012 dcuab b 000 0 eng
020 _a9781597268042 (pbk. : alk. paper)
040 _aDLC
_cDLC
042 _apcc
082 0 0 _a333.715
_223
_bSTE
100 1 _aApfelbaum, Steven I.,
_d1954-
245 1 4 _aThe restoring ecological health to your land workbook /
_cSteven I. Apfelbaum and Alan Haney ; with illustrations by Kristen R. Vinyeta.
260 _aWashington, DC :
_bIsland Press,
_cc2012.
300 _axvii, 179 p. :
_bill., maps ;
_c26 cm.
504 _aIncludes bibliographical references.
650 0 _aRestoration ecology.
700 1 _aHaney, Alan W.
942 _2ddc